El budismo zen
Uloženo v:
| Hlavní autor: | |
|---|---|
| Médium: | Kniha |
| Jazyk: | španělština |
| Vydáno: |
Buenos Aires
Dédalo
1978
|
| Témata: | |
| Tagy: |
Přidat tag
Žádné tagy, Buďte první, kdo vytvoří štítek k tomuto záznamu!
|
MARC
| LEADER | 00000nam a2200000 a 4500 | ||
|---|---|---|---|
| 001 | UCQ2713 | ||
| 003 | CL-VaPUC | ||
| 008 | 980724e19780000AG |||||||||||||||||spa|d | ||
| 082 | 0 | 4 | |a 294.392 |b HUM |2 21 |
| 100 | 0 | |a Humphreys, C |e author |9 416760 | |
| 245 | 1 | 3 | |a El budismo zen |
| 300 | |a 222 p | ||
| 942 | |c BK | ||
| 945 | |d 19980724 00:00:00 |a mvenant | ||
| 260 | |a Buenos Aires |b Dédalo |c 1978 | ||
| 650 | 0 | |a Budismo zen |9 319173 | |
| 650 | 7 | |a MEDITACION |2 CL-VaPUC |9 313094 | |
| 650 | 0 | |a Espiritualidad |9 267331 | |
| 650 | 0 | |a Filosofía oriental |9 319113 | |
| 583 | |a last modification |c 19980724 00:00:00 |k Rodrigo Vera | ||
| 999 | |c 273484 |d 273482 | ||
| 952 | |0 0 |1 0 |4 0 |6 294_392000000000000_HUM_1978 |7 0 |8 A |9 309068 |a BIBGIM |b BIBGIM |d 2019-11-20 |i 3447820 |o 294.392 HUM 1978 |p 3447820 |r 2025-01-15 |w 2019-11-20 |y BK |k ORI | ||